[Event "XXVII OOM - Mistrzostwa Polski Juniorow Mlodszych - Dziewczeta do lat 14"]
[Site "ApartHotel Termy Uniejow, ul. Termalna 1, 99-210 Uniejow"]
[Date "1899-12-30"]
[Round "7.7"]
[White "Giemza, Julia"]
[Black "Szopa, Emilia"]
[Result "1/2-1/2"]
[WhiteTitle "I"]
[BlackTitle "I++"]
[WhiteElo "1375"]
[BlackElo "1699"]

1. e4 c6 2. Nf3 d5 3. Nc3 Bg4 4. h3 Bxf3 5. Qxf3 e6 6. d3 Nf6 7. g4 d4 8. Nb1 c5
9. Bg2 Nc6 10. O-O Bd6 11. Qe2 e5 12. c3 Rc8 13. Nd2 Nd7 14. Nc4 Bb8 15. a4 O-O
16. Bd2 Qe7 17. Rfd1 Rfd8 18. Rab1 Nf8 19. Qf3 Ng6 20. Qg3 Nf4 21. Bxf4 exf4 22.
Qf3 Ne5 23. Nxe5 Bxe5 24. c4 Rc6 25. Rd2 Rb6 26. b3 Qg5 27. Rdb2 a5 28. Kf1 Rg6
29. Ke2 Qf6 30. Rh1 Qe6 31. Rg1 Qf6 32. Rh1 Qh4 33. Rg1 Rg5 34. Kf1 Rd6 35. Ke2
Rb6 36. Kf1 Rb4 37. Ke1 Rg6 38. Kd2 Rgb6 39. Rgb1 Qg5 40. Kc2 Rg6 41. Rg1 Qh4
42. Kd2 Rbb6 43. Ke2 Rg5 44. Kd2 Rbg6 45. Ke2 Rb6 1/2-1/2

[Event "XXVII OOM - Mistrzostwa Polski Juniorow Mlodszych - Dziewczeta do lat 14"]
[Site "ApartHotel Termy Uniejow, ul. Termalna 1, 99-210 Uniejow"]
[Date "1899-12-30"]
[Round "7.8"]
[White "Janikowska, Wiktoria"]
[Black "Slusarczyk, Anna"]
[Result "0-1"]
[WhiteTitle "I+"]
[BlackTitle "I+"]
[WhiteElo "1610"]
[BlackElo "1464"]

1. c4 e5 2. Nc3 d6 3. g3 f5 4. d3 Nf6 5. e3 Be7 6. Bg2 c6 7. Nge2 O-O 8. O-O Na6
9. a3 Nc7 10. b4 Qe8 11. Bb2 Bd7 12. Qc2 Qh5 13. f3 Rae8 14. Bh1 Ne6 15. Nc1 f4
16. exf4 exf4 17. Ne4 Nxe4 18. dxe4 fxg3 19. hxg3 Ng5 20. Bg2 Nxf3+ 21. Rxf3 Rxf3
22. Bxf3 Qxf3 23. Qc3 Qd1+ 24. Kg2 Bf6 25. Qd3 Qxd3 26. Nxd3 Bxb2 27. Nxb2 Rxe4
28. Kf3 Rd4 29. Ke3 Rg4 30. Kf3 h5 31. Rh1 g6 32. Rd1 d5 33. cxd5 cxd5 34. Nd3
Rxb4 35. Nxb4 Bg4+ 36. Kf4 Bxd1 37. Nxd5 Bb3 38. Ne7+ Kg7 39. Kg5 Bc2 40. Nc8
a6 41. Nd6 b6 42. Nc4 b5 43. Nd6 Kf8 44. Kf6 Bd3 45. Nb7 Ke8 46. Nc5 Bf5 47. Nxa6
Kd7 48. Ke5 Kc6 49. Kd4 Kd6 50. Nb4 g5 51. Nd5 h4 52. gxh4 gxh4 53. Nf4 h3 54.
Ne2 h2 55. Ng3 Bc8 56. Kc3 Bb7 57. Kd4 Bg2 58. Nf5+ Kc6 59. Ng3 Kb6 60. Kc3 Ka5
61. Kb3 Bd5+ 62. Kc3 Ka4 63. Kb2 h1=Q 64. Nxh1 Bxh1 65. Ka2 Bd5+ 66. Kb2 Be6 67.
Kb1 Kxa3 68. Ka1 b4 69. Kb1 b3 70. Ka1 b2+ 71. Kb1 Bf5# 0-1

[Event "XXVII OOM - Mistrzostwa Polski Juniorow Mlodszych - Dziewczeta do lat 14"]
[Site "ApartHotel Termy Uniejow, ul. Termalna 1, 99-210 Uniejow"]
[Date "1899-12-30"]
[Round "7.10"]
[White "Pudelko, Magdalena"]
[Black "Gladyszewska, Kinga"]
[Result "1-0"]
[WhiteTitle "I++"]
[BlackTitle "I"]
[WhiteElo "1477"]
[BlackElo "1293"]

1. e4 e5 2. Nf3 Nc6 3. Bc4 Bc5 4. c3 d6 5. d3 h6 6. Nbd2 Nf6 7. O-O O-O 8. Re1
Kh8 9. Nf1 Bb6 10. Ng3 Na5 11. Bb5 Bd7 12. Bxd7 Qxd7 13. Nf5 Nc6 14. N3h4 Ne7
15. Nxe7 Qxe7 16. Nf5 Qe6 17. Qf3 Ng8 18. d4 Ne7 19. d5 Qf6 20. g4 Nxf5 21. gxf5
Qh4 22. Rd1 g6 23. f6 g5 24. Rd3 g4 25. Qf5 Rg8 26. Rg3 Rg6 27. Be3 Rd8 28. Rf1
Rxf6 29. Qxg4 Qxg4 30. Rxg4 Bxe3 31. fxe3 Rxf1+ 32. Kxf1 Kh7 33. Kf2 Rc8 34. Kg3
h5 35. Rg5 Kh6 36. Kh4 f6 37. Rxh5+ Kg6 38. Kg4 Rg8 39. h4 Rc8 40. Rf5 Rh8 41.
Rf2 Rh7 42. b4 b5 43. Rc2 c6 44. c4 cxd5 45. cxd5 Rd7 46. Rc6 Kh6 47. Kf5 Kh5
48. Kxf6 Kxh4 49. Ke6 Rg7 50. Kxd6 Kg4 51. Kxe5 Kf3 52. d6 Kxe3 53. Rc7 Rg8 54.
d7 Rd8 55. Kd6 Kxe4 56. Rc8 Rxd7+ 57. Kxd7 Kd5 58. Rc5+ Kd4 59. Kc6 a6 60. Kb6
a5 61. Kxb5 1-0

[Event "XXVII OOM - Mistrzostwa Polski Juniorow Mlodszych - Dziewczeta do lat 14"]
[Site "ApartHotel Termy Uniejow, ul. Termalna 1, 99-210 Uniejow"]
[Date "1899-12-30"]
[Round "7.11"]
[White "Nowak, Zuzanna"]
[Black "Kulczycka, Zofia"]
[Result "1/2-1/2"]
[WhiteTitle "I"]
[BlackTitle "I"]
[WhiteElo "1353"]
[BlackElo "1470"]

1. e4 c5 2. c3 d5 3. exd5 Qxd5 4. Nf3 Nc6 5. d4 Nf6 6. Na3 Bg4 7. Be2 cxd4 8. Nb5
O-O-O 9. Nbxd4 Nxd4 10. Qxd4 Bxf3 11. Bxf3 Qxd4 12. cxd4 e6 13. Be3 Bb4+ 14. Ke2
Kb8 15. Rac1 Bd6 16. Rc3 Rc8 17. Rb3 Rc7 18. Rc1 Rhc8 19. a4 Nd5 20. Rxc7 Kxc7
21. Bxd5 exd5 22. Kf3 b6 23. Bf4 Bxf4 24. Rc3+ Kd7 25. Rxc8 Kxc8 26. Kxf4 f6 27.
h4 g6 28. h5 Kd7 29. Kg4 Ke6 30. f3 Kd6 31. b4 a6 1/2-1/2

[Event "XXVII OOM - Mistrzostwa Polski Juniorow Mlodszych - Dziewczeta do lat 14"]
[Site "ApartHotel Termy Uniejow, ul. Termalna 1, 99-210 Uniejow"]
[Date "1899-12-30"]
[Round "7.12"]
[White "Pniewska, Beata"]
[Black "Lewicka, Joanna"]
[Result "1-0"]
[WhiteTitle "I"]
[BlackTitle "I"]
[WhiteElo "1400"]
[BlackElo "1252"]

1. c4 c5 2. g3 g6 3. Bg2 Bg7 4. Nf3 e5 5. Nc3 Nc6 6. d3 Nge7 7. Ne4 d6 8. Bg5 h6
9. Bf6 O-O 10. Qd2 Bxf6 11. Nxf6+ Kg7 12. Nd5 Nxd5 13. cxd5 Nd4 14. O-O b6 15.
Nxd4 cxd4 16. f4 f5 17. Rac1 Ba6 18. Qb4 Rf7 19. Rc6 Rd7 20. fxe5 dxe5 21. Re6
Bb7 22. Rxe5 Bxd5 23. Qxd4 Qf6 24. Rxd5 Rxd5 25. Qxf6+ Kxf6 26. Bxd5 Rc8 27. Bb3
Ke5 28. Rf4 Rc1+ 29. Kf2 b5 30. a4 Rb1 31. axb5 Rxb2 32. Bc4 g5 33. Rf3 Rd2 34.
Re3+ Kd4 35. Re7 Rb2 36. Rxa7 h5 37. Rg7 h4 38. Rxg5 hxg3+ 39. hxg3 Ke5 40. Ke3
Kf6 41. Rg8 Ke5 42. Rg6 f4+ 43. gxf4+ Kf5 44. Ra6 Rb4 45. Ra3 Kf6 46. Rb3 Ra4
47. b6 Ra8 48. b7 Rb8 49. Bd5 Ke7 50. Ra3 Kd7 51. Ra8 Kc7 52. Rxb8 Kxb8 53. f5
Kc7 54. f6 Kd7 55. f7 Kc7 56. f8=Q Kd7 57. Kd4 Kc7 58. b8=Q+ Kd7 59. Qfe8# 1-0

[Event "XXVII OOM - Mistrzostwa Polski Juniorow Mlodszych - Dziewczeta do lat 14"]
[Site "ApartHotel Termy Uniejow, ul. Termalna 1, 99-210 Uniejow"]
[Date "1899-12-30"]
[Round "7.13"]
[White "Grzesik, Nikola"]
[Black "Leks, Emilia"]
[Result "1-0"]
[WhiteTitle "I"]
[BlackTitle "II+"]
[WhiteElo "1342"]
[BlackElo "1213"]

1. e4 d6 2. f4 e5 3. Qf3 Nf6 4. f5 Be7 5. Bc4 c6 6. Nc3 Nbd7 7. d3 Nb6 8. g4 h6
9. h4 Nh7 10. g5 hxg5 11. hxg5 Bxg5 12. Qh5 d5 13. Bxg5 Qd7 14. Bb3 a5 15. a3
a4 16. Ba2 d4 17. Nce2 c5 18. Nf3 1-0

[Event "XXVII OOM - Mistrzostwa Polski Juniorow Mlodszych - Dziewczeta do lat 14"]
[Site "ApartHotel Termy Uniejow, ul. Termalna 1, 99-210 Uniejow"]
[Date "1899-12-30"]
[Round "7.14"]
[White "Dallemura, Julia"]
[Black "Zapalowska, Wiktoria"]
[Result "1/2-1/2"]
[WhiteTitle "I"]
[BlackTitle "I"]
[WhiteElo "1196"]
[BlackElo "1279"]

1. e4 c5 2. Nf3 e6 3. d4 cxd4 4. Nxd4 Nc6 5. Nc3 Qc7 6. Be2 Nf6 7. O-O a6 8. a3
Be7 9. Be3 O-O 10. Qd2 Rd8 11. Rad1 b5 12. f4 Bb7 13. e5 Nxd4 14. Qxd4 Nd5 15.
Nxd5 Bxd5 16. Rc1 d6 17. Bf3 dxe5 18. Qxe5 Qxe5 19. fxe5 Rac8 20. c3 Bc5 21. Rfe1
h6 22. Rc2 a5 23. Bxc5 Rxc5 24. Rd2 Rb8 25. Bxd5 Rxd5 26. Rxd5 exd5 27. e6 Re8
28. exf7+ Kxf7 29. Rxe8 Kxe8 30. Kf2 a4 31. Ke3 Kd7 32. Kf4 Ke6 33. h4 g6 34.
g4 Kf6 35. Kf3 g5 36. h5 Ke6 37. Ke2 Ke5 1/2-1/2

[Event "XXVII OOM - Mistrzostwa Polski Juniorow Mlodszych - Dziewczeta do lat 14"]
[Site "ApartHotel Termy Uniejow, ul. Termalna 1, 99-210 Uniejow"]
[Date "1899-12-30"]
[Round "7.15"]
[White "Jaros, Emilia"]
[Black "Romejko, Jagoda"]
[Result "1-0"]
[WhiteTitle "I"]
[BlackTitle "I"]
[WhiteElo "1241"]
[BlackElo "1350"]

1. e4 e5 2. Nf3 Nc6 3. Bb5 a6 4. Ba4 Nf6 5. d3 b5 6. Bb3 d6 7. c3 Bg4 8. O-O Be7
9. h3 Bh5 10. Nbd2 O-O 11. Re1 Na5 12. Bc2 c5 13. Nf1 Qc7 14. Ng3 Bg6 15. Nh4
Rac8 16. Nhf5 Nc6 17. Qf3 b4 18. Ba4 Nd8 19. Bg5 Ne6 20. Nxe7+ Qxe7 21. Bxf6 Qxf6
22. Qxf6 gxf6 23. Bb3 Nf4 24. Bc4 a5 25. Re3 Rfd8 26. Rd1 d5 27. exd5 Nxd5 28.
Bxd5 Rxd5 29. c4 Rd7 30. Kf1 Rcd8 31. Ke2 h5 32. Ne4 Bxe4 33. Rxe4 Rd4 34. f3
Kh7 35. g4 Kg6 36. Ke3 hxg4 37. hxg4 Rxe4+ 38. Kxe4 Rd4+ 39. Ke3 f5 40. gxf5+
Kxf5 41. Rh1 Rd8 42. Rh6 f6 43. Rh7 Rg8 44. Rc7 Rg2 45. Rxc5 Rxb2 46. Rxa5 Ke6
47. Rb5 Rxa2 48. Rxb4 f5 49. Rb6+ Ke7 50. f4 exf4+ 51. Kxf4 Ra3 52. Rb7+ Kd6 53.
d4 Ra4 54. c5+ Kd5 55. Rd7+ Kc6 56. Rd6+ Kc7 57. Kxf5 Ra1 58. Ke5 Re1+ 59. Kd5
Rc1 60. Re6 Rd1 61. Re7+ Kc8 62. Kc6 Kd8 63. Rd7+ Kc8 64. d5 Rd2 65. Rh7 Kd8 66.
d6 Ke8 67. d7+ Kf8 68. Rh8+ Ke7 69. d8=Q+ Rxd8 70. Rxd8 Kxd8 71. Kb7 1-0

[Event "XXVII OOM - Mistrzostwa Polski Juniorow Mlodszych - Dziewczeta do lat 14"]
[Site "ApartHotel Termy Uniejow, ul. Termalna 1, 99-210 Uniejow"]
[Date "1899-12-30"]
[Round "7.16"]
[White "Szewczuk, Aleksandra"]
[Black "Bar, Klaudia"]
[Result "0-1"]
[WhiteTitle "I"]
[BlackTitle "I"]
[WhiteElo "1317"]
[BlackElo "1439"]

1. Nf3 Nf6 2. b3 g6 3. Bb2 Bg7 4. e3 O-O 5. Be2 d6 6. c4 Nc6 7. O-O e5 8. d4 Nd7
9. Qc1 f5 10. dxe5 dxe5 11. Nc3 e4 12. Nd2 Nce5 13. f4 exf3 14. Nxf3 c6 15. Rd1
Qc7 16. Nd4 Re8 17. e4 Ng4 18. Bxg4 fxg4 19. Nde2 Be5 20. g3 Bg7 21. Rb1 Ne5 22.
Qc2 Nf3+ 23. Kg2 Rf8 24. Na4 b6 25. Bxg7 Qxg7 26. Qb2 Qh6 27. Rh1 Qh3+ 28. Kf2
Ne5+ 29. Ke3 Rf3+ 30. Kd2 Rd3+ 31. Kc1 Nf3 32. Nf4 Qh6 33. Qf6 Bd7 34. Rb2 Rf8
35. Qe7 Re8 36. Qf6 Rf8 37. Qe7 Re8 38. Qf6 Rxe4 39. Re2 Rxe2 0-1

[Event "XXVII OOM - Mistrzostwa Polski Juniorow Mlodszych - Dziewczeta do lat 14"]
[Site "ApartHotel Termy Uniejow, ul. Termalna 1, 99-210 Uniejow"]
[Date "1899-12-30"]
[Round "7.17"]
[White "Pietryk, Joanna"]
[Black "Makarec, Anna"]
[Result "1-0"]
[WhiteTitle "I"]
[BlackTitle "I"]
[WhiteElo "1385"]
[BlackElo "1206"]

1. e4 e5 2. Nf3 Nc6 3. Bb5 a6 4. Ba4 Nf6 5. O-O Be7 6. Re1 b5 7. Bb3 d6 8. c3 O-O
9. h3 Bb7 10. d4 Re8 11. Nbd2 Bf8 12. Bc2 Nb8 13. Nh2 Nbd7 14. Qf3 h6 15. Ndf1
Nh7 16. Qg3 Qf6 17. Ng4 Qg6 18. Bb3 Kh8 19. f3 c5 20. Be3 c4 21. Bc2 h5 22. Nf2
Qxg3 23. Nxg3 Nhf6 24. d5 g6 25. h4 Kg7 26. Nh3 Be7 27. Ng5 Bd8 28. b3 Bb6 29.
bxc4 Bxe3+ 30. Rxe3 bxc4 31. Rb1 Rab8 32. Ree1 Rec8 33. Nf1 a5 34. Rb5 Rc5 35.
Reb1 Rxb5 36. Rxb5 Ba6 37. Rxa5 Nc5 38. Ba4 Rb2 39. Bc6 Rc2 40. Ra3 Ng8 41. Be8
Nh6 42. Ne3 Rc1+ 43. Kf2 Kf8 44. Bxf7 Nxf7 45. Ne6+ Ke7 46. Nxc5 dxc5 47. Rxa6
Nd6 48. Rc6 Rxc3 49. Rxc5 Rc1 50. Ke2 Ra1 51. Nxc4 Nxc4 52. Rxc4 Rxa2+ 53. Kf1
Rd2 54. Rc6 Kf7 55. Re6 Rd4 56. Rxe5 Kf6 57. Re6+ Kf7 58. Ra6 Rd3 59. Kf2 Rd4
60. Ra1 Ke7 61. Ke3 Rb4 62. Rd1 Rb6 63. e5 Kd7 64. Kf4 Ke7 65. Kg5 Ra6 66. d6+
Kd7 67. Kf6 Rb6 68. e6+ Kd8 69. d7 Rb8 70. e7+ Kc7 71. d8=Q+ 1-0

[Event "XXVII OOM - Mistrzostwa Polski Juniorow Mlodszych - Dziewczeta do lat 14"]
[Site "ApartHotel Termy Uniejow, ul. Termalna 1, 99-210 Uniejow"]
[Date "1899-12-30"]
[Round "7.18"]
[White "Predkiewicz, Paulina"]
[Black "Bandyk, Joanna"]
[Result "0-1"]
[WhiteTitle "I"]
[BlackTitle "I"]
[WhiteElo "1344"]
[BlackElo "1186"]

1. e4 c5 2. Nf3 d6 3. d4 cxd4 4. Nxd4 Nf6 5. Nc3 a6 6. Bc4 e6 7. Bb3 b5 8. O-O
Be7 9. f4 O-O 10. e5 dxe5 11. fxe5 Nfd7 12. Re1 Bc5 13. Bf4 Nc6 14. Nce2 Ndxe5
15. Bxe5 Nxe5 16. Kh1 Qh4 17. Rf1 Ng4 18. Nf3 Nf2+ 19. Rxf2 Qxf2 20. Qf1 Bb7 21.
Qxf2 Bxf2 22. Ng5 Rad8 23. Nh3 Bb6 24. Nhf4 Rd2 25. c4 g5 26. Re1 gxf4 27. Nxf4
bxc4 28. Ba4 Rxb2 29. Ne2 Bf2 30. Rf1 Rxe2 0-1

[Event "XXVII OOM - Mistrzostwa Polski Juniorow Mlodszych - Dziewczeta do lat 14"]
[Site "ApartHotel Termy Uniejow, ul. Termalna 1, 99-210 Uniejow"]
[Date "1899-12-30"]
[Round "7.19"]
[White "Banasiak, Adrianna"]
[Black "Feliks, Agnieszka"]
[Result "1-0"]
[WhiteTitle "I"]
[BlackTitle "I"]
[WhiteElo "1318"]
[BlackElo "1156"]

1. e4 e5 2. Nf3 Nc6 3. d4 exd4 4. Bc4 Nf6 5. O-O Bc5 6. e5 d5 7. exf6 dxc4 8. Re1+
Kf8 9. fxg7+ Kxg7 10. Ne5 Qf6 11. Qh5 d3 12. Bh6+ Kg8 13. Nxd3 Bxf2+ 14. Nxf2
Be6 15. Re3 Ne7 16. Ne4 Qg6 17. Rg3 f5 18. Rxg6+ hxg6 19. Qg5 Rxh6 20. Qxh6 Kf7
21. Qh7+ Kf8 22. Qh8+ Bg8 23. Nf6 Kf7 24. Nxg8 Rxg8 25. Qe5 c6 26. Na3 b5 27.
Re1 Re8 28. Qe6+ Kf8 29. Qf6+ Kg8 30. Rxe7 Rxe7 31. Qxe7 Kh8 32. Nb1 a5 33. Nd2
a4 34. Nf3 Kg8 35. Ng5 Kh8 36. Qh7# 1-0

[Event "XXVII OOM - Mistrzostwa Polski Juniorow Mlodszych - Dziewczeta do lat 14"]
[Site "ApartHotel Termy Uniejow, ul. Termalna 1, 99-210 Uniejow"]
[Date "1899-12-30"]
[Round "7.20"]
[White "Gac-mytych, Sara"]
[Black "Kicinska, Magdalena"]
[Result "1/2-1/2"]
[WhiteTitle "II"]
[BlackTitle "I+"]
[WhiteElo "1125"]
[BlackElo "1315"]

1. c4 c6 2. Nf3 d5 3. e3 Bg4 4. Qb3 Qc7 5. Ne5 Nf6 6. d4 Nbd7 7. Nxd7 Qxd7 8. Nc3
e6 9. h3 Bf5 10. Bd2 Be7 11. Be2 O-O 12. g4 Be4 13. f3 dxc4 14. Qxc4 Bd5 15. Qd3
c5 16. Nxd5 exd5 17. b3 Qd6 18. Bc3 a6 19. a4 Rab8 20. Rb1 b5 21. axb5 axb5 22.
dxc5 Qxc5 23. b4 Qb6 24. Kf2 Qd6 25. g5 Nd7 26. f4 f6 27. h4 Qe6 28. Bf3 Nb6 29.
Rbg1 Kh8 30. Rg2 Rf7 31. Rgg1 Rd8 32. Rd1 Qc6 33. e4 Qc4 34. gxf6 Bxf6 35. Bxf6
Rxf6 36. Qxc4 bxc4 37. Ke3 Re6 38. e5 g6 39. Rh2 Re7 40. Rhd2 Red7 41. Kd4 Rf7
42. Ke3 Rfd7 43. Kd4 Rf7 1/2-1/2

[Event "XXVII OOM - Mistrzostwa Polski Juniorow Mlodszych - Dziewczeta do lat 14"]
[Site "ApartHotel Termy Uniejow, ul. Termalna 1, 99-210 Uniejow"]
[Date "1899-12-30"]
[Round "7.21"]
[White "Staniewicz, Adrianna"]
[Black "Popczynska, Maja"]
[Result "1/2-1/2"]
[WhiteTitle "WCM"]
[BlackTitle "I"]
[WhiteElo "1301"]
[BlackElo "1400"]

1. e4 c5 2. Nf3 Nc6 3. d4 cxd4 4. Nxd4 Nf6 5. Nc3 d6 6. Be2 e5 7. Nf3 h6 8. O-O
Be7 9. Bc4 Bg4 10. h3 Bh5 11. Re1 O-O 12. Nd5 Rc8 13. c3 Bg6 14. Nxf6+ Bxf6 15.
Bd5 Qd7 16. Be3 b6 17. Qd2 Rfd8 18. Nh2 Ne7 19. Ng4 Nxd5 20. Qxd5 Be7 21. f3 Bh4
22. Red1 Qe7 23. Kh2 h5 24. Nf2 Bg5 25. Bxg5 Qxg5 26. Qd2 Qxd2 27. Rxd2 Kf8 28.
Rad1 Ke7 29. Nd3 f6 30. Nb4 Bf7 31. Nd5+ 1/2-1/2

[Event "XXVII OOM - Mistrzostwa Polski Juniorow Mlodszych - Dziewczeta do lat 14"]
[Site "ApartHotel Termy Uniejow, ul. Termalna 1, 99-210 Uniejow"]
[Date "1899-12-30"]
[Round "7.22"]
[White "Zalewska, Malgorzata"]
[Black "Szmajda, Karolina"]
[Result "1/2-1/2"]
[WhiteTitle "I"]
[BlackTitle "I"]
[WhiteElo "1328"]
[BlackElo "1181"]

1. e4 c5 2. Nf3 g6 3. d4 cxd4 4. Nxd4 Nc6 5. Nc3 Bg7 6. Be3 Nf6 7. f3 O-O 8. Qd2
Re8 9. O-O-O d6 10. g4 a6 11. g5 Nh5 12. Be2 Qa5 13. Rdf1 Nxd4 14. Bxd4 Bxd4 15.
Qxd4 Qxg5+ 16. Kb1 Nf4 17. Bc4 Qc5 18. Qd2 Qxc4 19. Qxf4 Be6 20. h4 b5 21. a3
a5 22. h5 b4 23. Na4 bxa3 24. hxg6 Qa2+ 25. Kc1 axb2+ 26. Kd2 Qxa4 27. gxf7+ Bxf7
28. Rfg1+ Bg6 29. Rxg6+ hxg6 30. Rh8+ Kxh8 31. Qh6+ Kg8 32. Qxg6+ 1/2-1/2

[Event "XXVII OOM - Mistrzostwa Polski Juniorow Mlodszych - Dziewczeta do lat 14"]
[Site "ApartHotel Termy Uniejow, ul. Termalna 1, 99-210 Uniejow"]
[Date "1899-12-30"]
[Round "7.23"]
[White "Mitrega, Wiktoria"]
[Black "Semeradt, Michalina"]
[Result "1/2-1/2"]
[WhiteTitle "I"]
[BlackTitle "I"]
[WhiteElo "1251"]
[BlackElo "1065"]

1. b4 a5 2. bxa5 c5 3. d3 Qxa5+ 4. Bd2 Qc7 5. c4 Nf6 6. Nc3 d6 7. g3 Bd7 8. Nf3
g6 9. Bg2 Bg7 10. Qb3 O-O 11. O-O Bc6 12. Rab1 Nbd7 13. Rfc1 Rfb8 14. Qc2 Ra6
15. Rb2 Rb6 16. Rxb6 Qxb6 17. Qb3 Qxb3 18. axb3 Ra8 19. Rb1 Ra6 20. b4 cxb4 21.
Rxb4 Rb6 22. Rxb6 Nxb6 23. Nd4 Bxg2 24. Kxg2 Nfd7 25. Ndb5 Kf8 26. f4 f5 27. Kf2
Kf7 28. Be3 Bf6 29. Bd2 Bg7 30. Be3 Bf6 1/2-1/2

[Event "XXVII OOM - Mistrzostwa Polski Juniorow Mlodszych - Dziewczeta do lat 14"]
[Site "ApartHotel Termy Uniejow, ul. Termalna 1, 99-210 Uniejow"]
[Date "1899-12-30"]
[Round "7.24"]
[White "Reszka, Barbara"]
[Black "Walentyn, Zuzanna"]
[Result "1-0"]
[WhiteTitle "II+"]
[BlackTitle "II"]
[WhiteElo "1095"]
[BlackElo "1297"]

1. e4 c5 2. c3 d6 3. Ne2 Nf6 4. f3 Nc6 5. d4 cxd4 6. Nxd4 Bd7 7. Bc4 a6 8. Be3
e6 9. O-O b5 10. Bd3 Nxd4 11. Bxd4 Bc6 12. Re1 Be7 13. Nd2 O-O 14. Nf1 d5 15.
e5 Nd7 16. Qc2 h6 17. Kh1 Bc5 18. g4 Rc8 19. Qg2 Bxd4 20. cxd4 f6 21. f4 fxe5
22. fxe5 Rf4 23. Qd2 Qf8 24. Bf5 g5 25. Bxe6+ Kh8 26. Bf5 h5 27. e6 hxg4 28. exd7
Bxd7 29. Bxd7 Rf2 30. Qe3 Rd8 31. Qe5+ Rf6 32. Bxg4 Re8 33. Qg3 Rxe1 34. Qxe1
Rf2 35. Ng3 Rf7 36. Qe5+ Kh7 37. Bf5+ Kh6 38. Be6 Rf2 39. Nf5+ Kh5 40. Qxd5 Kg6
1-0

[Event "XXVII OOM - Mistrzostwa Polski Juniorow Mlodszych - Dziewczeta do lat 14"]
[Site "ApartHotel Termy Uniejow, ul. Termalna 1, 99-210 Uniejow"]
[Date "1899-12-30"]
[Round "7.25"]
[White "Brelinska, Marcelina"]
[Black "Peksa, Zuzanna"]
[Result "0-1"]
[WhiteTitle "II"]
[BlackTitle "I"]
[WhiteElo "1057"]
[BlackElo "1231"]

1. e4 c5 2. c3 g6 3. d4 cxd4 4. cxd4 d5 5. e5 Nc6 6. Nf3 Bg4 7. Be3 Nh6 8. h3 Bxf3
9. Qxf3 Nf5 10. Qd1 Qa5+ 11. Bd2 Qb6 12. Bc3 Nfxd4 13. Bxd4 Qxd4 14. Qxd4 Nxd4
15. Bd3 Bg7 16. Nc3 e6 17. f4 O-O 18. O-O a6 19. Rad1 Nf5 20. Rfe1 Bh6 21. g4
Nd4 22. Rf1 Nc6 23. g5 Bg7 24. a3 Rfd8 25. Kg2 Rac8 26. h4 Na5 27. Rfe1 Nc4 28.
Re2 b5 29. Ra1 Bf8 30. Kf3 Nxb2 31. Rxb2 Rxc3 32. Ke2 Rxa3 33. Rxa3 Bxa3 34. Ra2
b4 35. Bxa6 Ra8 36. Bd3 Rc8 37. Rc2 Rxc2+ 38. Bxc2 Bc1 39. Kf3 Kf8 40. Kg3 Ke7
41. Kf3 Kd7 42. Bb3 Kc6 43. Kg3 Kc5 44. Kf3 Kd4 45. Kg3 Kc3 46. Bd1 b3 47. Bxb3
Kxb3 48. Kf3 Kc3 49. Ke2 Bxf4 50. Kd1 Bxe5 51. Ke2 Kc2 52. Ke3 Bg3 53. Kf3 Bxh4
54. Kf4 d4 55. Ke4 d3 56. Kd4 d2 57. Kc4 d1=Q 58. Kb5 Qd4 59. Kc6 Qd5+ 60. Kc7
e5 61. Kc8 Qd6 62. Kb7 Qc5 63. Kb8 Qc6 64. Ka7 Qb5 65. Ka8 e4 66. Ka7 e3 67. Ka8
e2 68. Ka7 e1=R 69. Ka8 Ra1# 0-1

[Event "XXVII OOM - Mistrzostwa Polski Juniorow Mlodszych - Dziewczeta do lat 14"]
[Site "ApartHotel Termy Uniejow, ul. Termalna 1, 99-210 Uniejow"]
[Date "1899-12-30"]
[Round "7.26"]
[White "Kaczmarek, Paulina"]
[Black "Bromirska, Roksana"]
[Result "1/2-1/2"]
[WhiteTitle "II+"]
[BlackTitle "II"]
[WhiteElo "1029"]
[BlackElo "1088"]

1. e4 d5 2. exd5 Qxd5 3. Nc3 Qa5 4. d4 Nf6 5. Bc4 e5 6. dxe5 Qxe5+ 7. Nge2 Bb4
8. Bd2 O-O 9. O-O Bg4 10. Kh1 Re8 11. f3 Bh5 12. a3 Bd6 13. Bf4 Qe7 14. Bxd6 Qxd6
15. Qxd6 cxd6 16. Nf4 Nc6 17. Rfe1 Bg6 18. Nxg6 hxg6 19. Nd5 Nxd5 20. Bxd5 Rac8
21. c3 Kf8 22. Kg1 Rc7 23. Kf2 Ne5 24. Rad1 b6 25. h3 Rce7 26. Be4 Nc4 27. Re2
Re5 28. g3 f5 29. Bd3 Rxe2+ 30. Bxe2 Nxb2 31. Rd2 Na4 32. Bb5 Rc8 33. Bxa4 Rxc3
34. Rxd6 Rxa3 35. Bb5 Rb3 36. Be2 g5 37. Rd5 f4 38. Rxg5 fxg3+ 39. Kxg3 a5 40.
Rb5 Re3 41. Kf2 Re6 42. Bd1 Ke7 43. Rg5 Kf6 44. h4 Rd6 45. Bc2 Rd2+ 46. Kg3 Rxc2
1/2-1/2

[Event "XXVII OOM - Mistrzostwa Polski Juniorow Mlodszych - Dziewczeta do lat 14"]
[Site "ApartHotel Termy Uniejow, ul. Termalna 1, 99-210 Uniejow"]
[Date "1899-12-30"]
[Round "8.1"]
[White "Niedorys, Karolina"]
[Black "Oborska, Magda"]
[Result "1/2-1/2"]
[WhiteTitle "I"]
[BlackTitle "I++"]
[WhiteElo "1413"]
[BlackElo "1537"]

1. e4 e5 2. Nf3 Nc6 3. Nc3 Nf6 4. d4 exd4 5. Nxd4 Bb4 6. Nxc6 bxc6 7. Bd3 d5 8.
exd5 cxd5 9. O-O O-O 10. Bg5 c6 11. h3 h6 12. Bh4 Be7 13. Re1 Be6 14. Qf3 Nd7
15. Bg3 Bb4 16. a3 Ba5 17. b4 Bc7 18. Ne2 Bxg3 19. Qxg3 Nf6 20. Nd4 Bd7 21. Qd6
Qb8 22. Qxb8 Raxb8 23. Re7 Rfe8 24. Rae1 Rxe7 25. Rxe7 Kf8 26. Re1 Nh5 27. Bf5
Bxf5 28. Nxf5 Nf6 29. f3 Rd8 30. Nd4 Rc8 31. Nb3 1/2-1/2

[Event "XXVII OOM - Mistrzostwa Polski Juniorow Mlodszych - Dziewczeta do lat 14"]
[Site "ApartHotel Termy Uniejow, ul. Termalna 1, 99-210 Uniejow"]
[Date "1899-12-30"]
[Round "8.2"]
[White "Szczotka, Klara"]
[Black "Pawicka, Magdalena"]
[Result "1-0"]
[WhiteTitle "k+"]
[BlackTitle "k+"]
[WhiteElo "1916"]
[BlackElo "1816"]

1. e4 c5 2. Nf3 e6 3. g3 Nc6 4. Bg2 Nf6 5. Qe2 d6 6. c3 Be7 7. O-O O-O 8. Rd1 d5
9. e5 Nd7 10. d4 cxd4 11. cxd4 f6 12. exf6 Nxf6 13. Ng5 Qd7 14. Bh3 Nd8 15. Nc3
h6 16. Nf3 Nc6 17. Bf4 g5 18. Ne5 Nxe5 19. Bxe5 a6 20. Qc2 Qe8 21. Re1 Qh5 22.
Bxf6 Bxf6 23. Bxe6+ Bxe6 24. Rxe6 Bxd4 25. Rf1 Rac8 26. Qd3 Bxc3 27. bxc3 Rc6
28. Re7 Qg6 29. Qxd5+ Rf7 30. Re8+ Kh7 31. Rfe1 Qf6 32. R1e2 Rxc3 1-0

[Event "XXVII OOM - Mistrzostwa Polski Juniorow Mlodszych - Dziewczeta do lat 14"]
[Site "ApartHotel Termy Uniejow, ul. Termalna 1, 99-210 Uniejow"]
[Date "1899-12-30"]
[Round "8.3"]
[White "Ziobrowska, Maja"]
[Black "Tokarz, Izabela"]
[Result "0-1"]
[WhiteTitle "I++"]
[BlackTitle "I++"]
[WhiteElo "1601"]
[BlackElo "1681"]

1. e4 c5 2. Nf3 Nc6 3. d4 cxd4 4. Nxd4 e5 5. Nb5 d6 6. N1c3 a6 7. Na3 b5 8. Nd5
Nf6 9. Bg5 Be7 10. Bxf6 Bxf6 11. c4 b4 12. Nc2 a5 13. Qf3 Be7 14. Rd1 O-O 15.
c5 Be6 16. Bc4 Kh8 17. Bb5 Na7 18. Nxe7 Nxb5 19. cxd6 Nxd6 20. Nf5 Bxf5 21. exf5
Qc7 22. Ne3 f6 23. O-O Nb5 24. Rc1 Qf7 25. Nc4 Nd4 26. Qe4 Qh5 27. g4 Qh3 28.
f3 Rac8 29. Nd2 Qh6 30. Rxc8 Rxc8 31. Nc4 Qf4 32. Nxa5 h6 33. Rf2 Qc1+ 34. Kg2
Qd1 35. Nb7 Rc1 36. Kh3 Qg1 37. Rg2 Qf1 38. Kg3 Re1 39. Rf2 Ne2+ 0-1

[Event "XXVII OOM - Mistrzostwa Polski Juniorow Mlodszych - Dziewczeta do lat 14"]
[Site "ApartHotel Termy Uniejow, ul. Termalna 1, 99-210 Uniejow"]
[Date "1899-12-30"]
[Round "8.4"]
[White "Lazniewska, Zofia"]
[Black "Kawa, Anna"]
[Result "1/2-1/2"]
[WhiteTitle "I+"]
[BlackTitle "I"]
[WhiteElo "1625"]
[BlackElo "1440"]

1. e4 g6 2. d4 Bg7 3. Nc3 c6 4. Nf3 d5 5. h3 dxe4 6. Nxe4 Nf6 7. Nxf6+ exf6 8.
Bd3 O-O 9. O-O Be6 10. c3 Nd7 11. Bf4 Nb6 12. Nd2 Rc8 13. Ne4 Nd5 14. Bg3 f5 15.
Nc5 b6 16. Nb3 Qd7 17. Qd2 Nf6 18. Rfe1 Bxb3 19. axb3 Rfe8 20. Be5 Ne4 21. Bxe4
fxe4 22. Bxg7 Kxg7 23. Qc2 f5 24. c4 Rc7 25. Qc3 Kg8 26. Rad1 Rd8 27. Rd2 Qf7
28. Qe3 Rcd7 29. Red1 Rd6 30. Ra1 R6d7 31. Rad1 Rd6 1/2-1/2